All Coldplay Songs - Statistics

General Stats
  • This quiz has been taken 81 times
  • The average score is 55 of 173
Answer Stats
Answer Featuring Album Year % Correct
Yellow Parachutes 2000
94%
Viva La Vida Viva La Vida 2008
93%
Fix You X&Y 2005
87%
Clocks A Rush of Blood to the Head 2002
85%
The Scientist A Rush of Blood to the Head 2002
85%
A Sky Full of Stars Ghost Stories 2014
81%
Paradise Mylo Xyloto 2011
78%
Parachutes Parachutes 2000
74%
A Rush of Blood to the Head A Rush of Blood to the Head 2002
70%
My Universe BTS Music of the Spheres 2021
69%
Adventure of a Lifetime A Head Full of Dreams 2015
67%
A Head Full of Dreams A Head Full of Dreams 2015
65%
Mylo Xyloto Mylo Xyloto 2011
65%
Princess of China Rihanna Mylo Xyloto 2011
65%
Sparks Parachutes 2000
65%
X&Y X&Y 2005
65%
Hymn for the Weekend A Head Full of Dreams 2015
63%
Trouble Parachutes 2000
63%
Speed of Sound X&Y 2005
59%
Charlie Brown Mylo Xyloto 2011
57%
Don't Panic Parachutes 2000
57%
Higher Power Music of the Spheres 2021
57%
O Ghost Stories 2014
56%
Everyday Life Everyday Life 2019
54%
Magic Ghost Stories 2014
54%
Shiver Parachutes 2000
54%
Something Just Like This Single
54%
Violet Hill Viva La Vida 2008
54%
God Put a Smile upon Your Face A Rush of Blood to the Head 2002
52%
Lost! Viva La Vida 2008
52%
Lost+ Jay-Z Viva La Vida 2008
52%
Lost? Single
52%
Up&Up A Head Full of Dreams 2015
52%
Death and All His Friends Viva La Vida 2008
50%
Life in Technicolor Viva La Vida 2008
50%
Politik A Rush of Blood to the Head 2002
50%
Amsterdam A Rush of Blood to the Head 2002
48%
Everglow A Head Full of Dreams 2015
48%
Lovers in Japan Viva La Vida 2008
48%
feelslikeimfallinginlove Moon Music 2024
46%
In My Place A Rush of Blood to the Head 2002
46%
MOON MUSiC Jon Hopkins Moon Music 2024
46%
Talk X&Y 2005
46%
WE PRAY Little Simz, Burna Boy, Elyanna, TINI Moon Music 2024
46%
42 Viva La Vida 2008
44%
Green Eyes A Rush of Blood to the Head 2002
44%
Cemeteries of London Viva La Vida 2008
43%
Ink Ghost Stories 2014
43%
Orphans Everyday Life 2019
43%
Spies Parachutes 2000
41%
Strawberry Swing Viva La Vida 2008
41%
Yes Viva La Vida 2008
41%
Arabesque Everyday Life 2019
39%
Daylight A Rush of Blood to the Head 2002
39%
Every Teardrop is a Waterfall Mylo Xyloto 2011
39%
Fun Tove Lo A Head Full of Dreams 2015
39%
A Whisper A Rush of Blood to the Head 2002
37%
Birds A Head Full of Dreams 2015
37%
Hurts Like Heaven Mylo Xyloto 2011
37%
Kaleidoscope A Head Full of Dreams 2015
37%
Let Somebody Go Selena Gomez Music of the Spheres 2021
37%
Life in Technicolor ii Viva La Vida 2008
37%
The Hardest Part X&Y 2005
37%
Til Kingdom Come X&Y 2005
37%
Warning Sign A Rush of Blood to the Head 2002
37%
What If X&Y 2005
37%
White Shadows X&Y 2005
37%
Christmas Lights Single
35%
Everything's Not Lost Parachutes 2000
35%
People of The Pride Music of the Spheres 2021
35%
Prospekt's March / Poppyfields Viva La Vida 2008
33%
Square One X&Y 2005
33%
We Never Change Parachutes 2000
33%
Coloratura Music of the Spheres 2021
31%
High Speed Parachutes 2000
31%
iAAM Moon Music 2024
31%
Midnight Ghost Stories 2014
31%
ALL MY LOVE Moon Music 2024
30%
A Message X&Y 2005
30%
GOOD FEELiNGS Ayra Starr Moon Music 2024
30%
Humankind Music of the Spheres 2021
30%
Low X&Y 2005
30%
True Love Ghost Stories 2014
30%
Twisted Logic X&Y 2005
30%
Up in Flames Mylo Xyloto 2011
30%
Up with the Birds Mylo Xyloto 2011
30%
Biutyful Music of the Spheres 2021
28%
JUPiTER Moon Music 2024
28%
Oceans Ghost Stories 2014
28%
Swallowed in the Sea X&Y 2005
28%
U.F.O. Mylo Xyloto 2011
28%
AETERNA Moon Music 2024
26%
Amazing Day A Head Full of Dreams 2015
26%
Brothers & Sisters Brothers & Sisters EP 1999
26%
Glass of Water Viva La Vida 2008
26%
Hypnotised Kaleidoscope EP 2017
26%
M.M.I.X Mylo Xyloto 2011
26%
Rainy Day Viva La Vida 2008
26%
Us Against the World Mylo Xyloto 2011
26%
Another's Arms Ghost Stories 2014
24%
Daddy Everyday Life 2019
24%
Major Minus Mylo Xyloto 2011
24%
A Hopeful Transmission Mylo Xyloto 2011
22%
Always in My Head Ghost Stories 2014
22%
Army of One A Head Full of Dreams 2015
22%
Church Everyday Life 2019
22%
Postcards from Far Away Viva La Vida 2008
22%
Sunrise Everyday Life 2019
22%
The Karate Kid Moon Music 2024
22%
Don't Let It Break Your Heart Mylo Xyloto 2011
20%
ONE WORLD Moon Music 2024
20%
Trouble In Town Everyday Life 2019
20%
A L I E N S Kaleidoscope EP 2017
19%
Animals Single
19%
BrokEn Everyday Life 2019
19%
Colour Spectrum A Head Full of Dreams 2015
19%
Cry Cry Cry Everyday Life 2019
19%
Moving to Mars Single
19%
Old Friends Everyday Life 2019
19%
All I Can Think About Is You Kaleidoscope EP 2017
17%
Bigger Stronger The Blue Room EP 1999
17%
Flags Single
17%
Gravity Single
17%
Guns Everyday Life 2019
17%
Man in The Moon Moon Music 2024
17%
1.36 Single
15%
Atlas Single
15%
Èkó Everyday Life 2019
15%
Murder Single
15%
One I Love Single
15%
The Goldrush Single
15%
When I Need A Friend Everyday Life 2019
15%
WOTW / POTP Everyday Life 2019
15%
Crests of Waves Single
13%
I Ran Away Single
13%
Miracles (Someone Special) Kaleidoscope EP 2017
13%
🌈 (Alien Hits / Alien Radio) Moon Music 2024
11%
All Your Friends Single
11%
A Spell A Rebel Yell Single
11%
Champions Of The World Everyday Life 2019
11%
How You See The World Single
11%
i Am A Mountain Moon Music 2024
11%
Only Superstition Brothers & Sisters EP 1999
11%
Pour Me Single
11%
Proof Single
11%
See You Soon The Blue Room EP 1999
11%
Sleeping Sun Single
11%
Such A Rush The Blue Room EP 1999
11%
Things I Don't Understand Single
11%
Careful Where You Stand Single
9%
Death Will Never Conquer Single
9%
Easy to Please Brothers & Sisters EP 1999
9%
Help Is Round the Corner Single
9%
I Bloom Blaum Single
9%
No More Keeping My Feet on the Ground Single
9%
O - Reprise Single
9%
The World Turned Upside Down Single
9%
Angelsong Moon Music 2024
7%
feelslikeimfallinginlive Moon Music 2024
7%
For You Single
7%
2000 Miles Single
6%
Jupiter - Single Version Moon Music 2024
6%
Wish I Was Here Cat Power Single
6%
Moon Music - Elodie Moon Music 2024
4%
بنی آدم" Everyday Life 2019
2%
🪐 (Music of the Spheres) Music of the Spheres 2021
2%
We Pray - Be Our Guest Moon Music 2024
2%
✨ (Alien Chior) Music of the Spheres 2021
0%
👋 (A Wave) Jon Hopkins Moon Music 2024
0%
❤️ (Human Heart) We Are KING, Jacob Collier Music of the Spheres 2021
0%
♾️ (Infinity Sign) Music of the Spheres 2021
0%
🌎 (Music of the Spheres II) Music of the Spheres 2021
0%
No matching quizzes found
Score Distribution
Percent of People with Each Score
Percentile by Number Answered
Your Score History
You have not taken this quiz